<The> Political Economy of Public Sector Reform and Privatization
Gespeichert in:
| Weitere Verfasser: | , |
|---|---|
| Format: | Buch |
| Sprache: | Englisch |
| Veröffentlicht: |
Boulder
Westview Press
1990
|
| Ausgabe: | 1. ed. |
| Schlagworte: | |
| Tags: |
Keine Tags, Fügen Sie das erste Tag hinzu!
|
MARC
| LEADER | 00000nam a2200000 4500 | ||
|---|---|---|---|
| 001 | c019281 | ||
| 005 | 20221206122639.1 | ||
| 020 | |a 0-8133-7996-2 | ||
| 041 | 0 | |a eng | |
| 044 | |a US | ||
| 245 | 1 | 0 | |a <The> Political Economy of Public Sector Reform and Privatization |c Edit. Ezra N. Suleiman, John Waterbury |
| 250 | |a 1. ed. | ||
| 264 | 1 | |a Boulder |b Westview Press |c 1990 | |
| 300 | |a 388 s. | ||
| 610 | 2 | 0 | |a privatizácia |
| 610 | 2 | 0 | |a sektor verejný |
| 610 | 2 | 0 | |a reformy hospodárske |
| 610 | 2 | 0 | |a korporácie |
| 610 | 2 | 0 | |a majetok štátny |
| 610 | 2 | 0 | |a kapitalizmus štátny |
| 610 | 2 | 0 | |a krajiny rozvojové |
| 700 | 1 | |a Suleiman, Ezra N. | |
| 700 | 1 | |a Waterbury, John | |